000 00336nas a22001337a 4500
003 OSt
005 20240507103140.0
008 240507b |||||||| |||| 00| 0 eng d
022 _a0970-3675
040 _cMRSPTU
245 _aNICMAR Journal of Construction Management
260 _aPune
_bNICMAR University, Pune
942 _2ddc
_cPR
_n0
_s1
999 _c10186
_d10186